Catálogo
 En Linea

Los Belzares / (Registro nro. 18313)

Detalles MARC
000 -CABECERA
campo de control de longitud fija 00816nam a2200241 a 4500
001 - NÚMERO DE CONTROL
campo de control 000018793
003 - IDENTIFICADOR DEL NÚMERO DE CONTROL
campo de control DO-SdBNP
005 - FECHA Y HORA DE LA ÚLTIMA TRANSACCIÓN
campo de control 20251029085957.0
008 - DATOS DE LONGITUD FIJA--INFORMACIÓN GENERAL
campo de control de longitud fija 100518s1972 ve r 001 0 spa d
040 ## - FUENTE DE LA CATALOGACIÓN
Centro catalogador/agencia de origen DO-SdBNP
Lengua de catalogación spa
Centro/agencia transcriptor BNPHU
082 ## - NÚMERO DE LA CLASIFICACIÓN DECIMAL DEWEY
Número de clasificación 987.02
Número de documento/Ítem O96b
100 1# - ENTRADA PRINCIPAL--NOMBRE DE PERSONA
Nombre de persona Oviedo y Baños, José de,
Fechas asociadas al nombre 1671-1738
9 (RLIN) 40527
245 14 - MENCIÓN DE TÍTULO
Título Los Belzares /
Mención de responsabilidad, etc. José de Oviedo y Baños.
246 13 - FORMA VARIANTE DE TÍTULO
Título propio/Titulo breve El tirano Aguirre
246 10 - FORMA VARIANTE DE TÍTULO
Título propio/Titulo breve Diego de Losada
260 ## - PUBLICACIÓN, DISTRIBUCIÓN, ETC.
Lugar de publicación, distribución, etc. Caracas, (Venezuela) :
Nombre del editor, distribuidor, etc. Monte Ávila Editores,
Fecha de publicación, distribución, etc. 1972.
300 ## - DESCRIPCIÓN FÍSICA
Extensión V, 387 p. ;
Dimensiones 16 cm.
490 1# - MENCIÓN DE SERIE
Mención de serie Biblioteca popular el dorado
Designación de volumen o secuencia 30
600 10 - PUNTO DE ACCESO ADICIONAL DE MATERIA--NOMBRE DE PERSONA
Nombre de persona Losada, Diego de,
Fechas asociadas al nombre 1511-1569
Subdivisión general Crítica e interpretación
9 (RLIN) 40529
600 10 - PUNTO DE ACCESO ADICIONAL DE MATERIA--NOMBRE DE PERSONA
Nombre de persona Aguirre, López de
Subdivisión general Crítica e interpretación
9 (RLIN) 40530
651 #7 - PUNTO DE ACCESO ADICIONAL DE MATERIA--NOMBRE GEOGRÁFICO
Nombre geográfico Venezuela
Subdivisión general Historia
Subdivisión cronológica 1810
9 (RLIN) 26230
942 ## - ELEMENTOS DE PUNTO DE ACCESO ADICIONAL (KOHA)
Fuente del sistema de clasificación o colocación Dewey Decimal Classification
Tipo de ítem Koha Libro
Existencias
Estado de retiro Estado de pérdida Restricciones de uso No para préstamo Código de colección Localización permanente Ubicación/localización actual Ubicación en estantería Fecha de adquisición Número de inventario Total de préstamos Signatura topográfica completa Código de barras Fecha visto por última vez Precio válido a partir de Tipo de ítem Koha Número de copia
      Excluido de préstamo Monografías: Libros y Folletos General General Depósito 18.05.2010 LF1   987.02 O96b 18793-10 25.06.2020 25.06.2020 No se presta  
  Extraviado   Excluido de préstamo Monografías: Libros y Folletos General General Extraviado 22.05.2017 LF1   987.02 O96b 18793-20 25.06.2020 25.06.2020 No se presta e. 2

Con tecnología Koha